00513 2200205 4500001002100000005001500021035002000036007000300056008004100059020002200100082000800122084001400130100001300144245003400157250001100191260003400202300004600236650001000282700001500292INLIS00000000000203320260223080615 a0010-0226000043ta260223 g 0 ind  a978-608-6358-72-1 a813 a813 FUA k0 aFuadbakh1 aKita Pernah Salah /cFuadbakh aCet. 1 aJakarta :bWahyu Qolbu,c2018 axvi + 248 hlm : 13 x19 cm :b- ;c13 x 19 aNovel0 aAriashinta